|
|
|
|
| LEADER |
00000nam a2200000 a 4500 |
| 001 |
vtls001475169 |
| 003 |
SK-MaSNL |
| 005 |
20260301014910.0 |
| 008 |
160624s2002 xo 0 und |
| 035 |
|
|
|a SNK000430470
|
| 040 |
|
|
|a SNK
|b slo
|c SNK
|e AACR2
|
| 044 |
|
|
|a xo
|c SK
|
| 245 |
1 |
|
|a STN EN 12163 Meď a zliatiny medi
|b tyče na všeobecné použitie
|
| 250 |
|
|
|a [1.vyd.]
|
| 260 |
|
|
|a Bratislava
|b Slovenský ústav technickej normalizácie
|c 2002
|
| 500 |
0 |
|
|a táto norma je identická s EN 12163:1998
|
| 655 |
|
7 |
|a normy
|2 SNK
|9 70643
|
| 999 |
|
|
|c 559503
|d 561433
|
| 952 |
|
|
|t P60, <03>, [BOOK], {603}
|a SNK
|b SNK
|y PREZ
|7 0
|p 17A0428687
|o snkSTN EN 12163
|i snkN 2265/2004
|0 0
|1 0
|4 0
|d 2004-05-19
|l 0
|r 2005-01-02 00:00:00
|w 2026-02-23
|
| 952 |
|
|
|a SNK
|b SNK
|y PREZ
|7 0
|p 17A0428686
|o snkSTN EN 12163 D1
|i snkN 2266/2004
|0 0
|1 0
|4 0
|d 2004-05-19
|l 0
|r 2005-01-02 00:00:00
|w 2026-02-23
|